000 00581nam a22002051a 4500
999 _c216
_d216
001 216
003 OSt
005 20260204211645.0
008 031124s1933|||| ||||||b|||||||||| ||
020 _a0673192725
082 _a658.3 C46a
100 _aChruden, Herbert J.
245 _aAdministración de personal: Organización y remuneración del trabajo / Herbert J. Chruden
264 _aEstados Unidos de América: Scott, Foresman
300 _a390 p
500 _aIncluye indice
650 _aAdministración de Personal
700 _aSherman, Arthur W.Ì
942 _2ddc
_cBK